|
|
|
|
| LEADER |
00000nam2a2200000 4500 |
| 001 |
94257 |
| 005 |
20231101213934.0 |
| 035 |
|
|
|a (RuTPU)RU\TPU\book\100951
|
| 035 |
|
|
|a RU\TPU\book\99367
|
| 090 |
|
|
|a 94257
|
| 100 |
|
|
|a 20060317d1963 k y0rusy50 ca
|
| 101 |
1 |
|
|a rus
|c eng
|
| 102 |
|
|
|a RU
|
| 105 |
|
|
|a a z 001zy
|
| 200 |
0 |
|
|a Т. 4
|f пер. и ред. И. И. Абрамсона
|
| 210 |
|
|
|d 1963
|
| 215 |
|
|
|a 348 с.
|c ил.
|
| 320 |
|
|
|a Библиогр. в конце гл.
|
| 461 |
|
1 |
|0 (RuTPU)RU\TPU\book\100371
|t Новейшие достижения нефтехимии и нефтепереработки
|l Advances in petroleum chemistry and refining
|o пер. с англ.
|f под ред. Дж. Дж. Мак-Кет
|v Т. 4
|d 1960-1970
|
| 606 |
1 |
|
|a Нефтехимический синтез
|2 stltpush
|3 (RuTPU)RU\TPU\subj\72455
|9 85966
|
| 606 |
1 |
|
|a Нефтепереработка
|2 stltpush
|3 (RuTPU)RU\TPU\subj\72833
|9 86220
|
| 610 |
1 |
|
|a нефтехимическая промышленность
|
| 610 |
1 |
|
|a экономика
|
| 610 |
1 |
|
|a процессы
|
| 610 |
1 |
|
|a аппараты
|
| 675 |
|
|
|a 665.652.7
|v 4
|
| 675 |
|
|
|a 665.63
|v 4
|
| 702 |
|
1 |
|a Абрамсон
|b И. И.
|g Илья Исаакович
|4 730
|
| 801 |
|
1 |
|a RU
|b 63413507
|c 20050726
|g PSBO
|
| 801 |
|
2 |
|a RU
|b 63413507
|c 20171213
|g PSBO
|
| 942 |
|
|
|c BK
|